| 000 | 01344nam a22003737a 4500 | ||
|---|---|---|---|
| 005 | 20240530110351.0 | ||
| 008 | 141224s2007 ua g 000 0 ara d | ||
| 017 |
_a27108/2007 _bمصر . دار الكتب المصرية |
||
| 020 | _a9771753509 | ||
| 040 | _aEG-CaGPL | ||
| 041 | 0 | _aara | |
| 082 | 0 | 4 |
_221 _a306.7\ _bم غ |
| 100 | 0 | _aمحمد محيي الدين | |
| 245 | 1 | 2 |
_aالغريزة عند الانس و الجن / _cتاليف محمد محيي الدين |
| 250 | _aط1 | ||
| 260 |
_aالقاهرة : _bدار القراءة ، _c2007 |
||
| 300 |
_a272 ص ؛ _c24 سم |
||
| 650 | 0 | 4 |
_aالغرائز _xالانس و الجن |
| 650 | 0 | 4 |
_aالمرأة _xالسلوك الجنسى |
| 650 | 0 | 4 | _aالغرائز |
| 650 | 0 | 4 | _aالجنس |
| 650 | 0 | 4 | _aالاسلام والفطرة |
| 650 | 0 | 4 |
_aالرجال _xالسلوك الجنسى |
| 650 | 0 | 4 |
_aالمراهقون _xالسلوك الجنسى |
| 650 | 0 | 4 |
_aالجماع _xاوضاع |
| 650 | 0 | 4 |
_aالجنس _xنصائح |
| 650 | 0 | 4 | _aالامراض الجنسية |
| 650 | 0 | 4 |
_aالجهاز التناسلى _xامراض |
| 650 | 0 | 4 | _aالعلاقات الجنسية |
| 650 | 0 | 4 |
_aالجنس _xالجوانب الصحية |
| 650 | 0 | 4 |
_aالغرائز _xالشياطين والجان |
| 942 |
_2ddc _cBK |
||
| 999 |
_c60080 _d60080 |
||